| 000 | 00885 a2200193 4500 | ||
|---|---|---|---|
| 005 | 20251105155449.0 | ||
| 008 | 251104b |||||||| |||| 00| 0 eng d | ||
| 020 | _a9786214184163 | ||
| 082 | _aDFil 364.068 D715 2025 | ||
| 100 |
_aDonato, Leah M. _969137 |
||
| 245 |
_aFrom crime to justice : _bthe five pillars (components) of the Philippine criminal justice system : a CLE-aligned with 2024 table of specifications guide for criminology students / _cLeah M. Donato, Joy Nicole C. Canutab, and Placido V. Abuan III. |
||
| 260 |
_aQuezon City : _bWiseman's Books Trading, Inc., _c©2025. |
||
| 300 |
_aiv, 172 pages : _billustrations ; _c22 cm. |
||
| 500 | _aIncludes references. | ||
| 650 | 0 |
_aAdministration of criminal justice _zPhilippines. _969230 |
|
| 700 |
_aCanutab, Joy Nicole C. _969140 _eauthor. |
||
| 700 |
_aAbuan, Placido V. _cIII _969142 _eauthor. |
||
| 942 |
_2ddc _cDFIL |
||
| 999 |
_c24138 _d24138 |
||